000 00261nam a2200121Ia 4500
008 190216s9999||||xx |||||||||||||| ||und||
100 _aGeorge T S
245 0 _aKrishna Menon
260 _bPenguin Books
300 _a304p
650 _aBiography
942 _cBK
999 _c11833
_d11833